Slovenský jazyk pre 4. ročník základnej deväťročnej školy

Bibliographic Details
Main Authors: Šnittová, Karla (Author), Biščová, Júlia (Author), Macura, Teodor (Author)
Other Authors: Machaj, Vladimír, 1929-2016 (Illustrator)
Format: Book
Language:Slovak
PhysicalDescription:178 s. mp., tab. 24 cm
Published: Bratislava Slovenské pedagogické nakladateľstvo 1973
Edition:7. vyd.
Subjects:

MARC

LEADER 00000nam a2200000 a 4500
001 vtls001332184
003 SK-MaSNL
005 20260301065919.0
008 180814s1973 xo p 00000 slo
015 |a SNBA1973/02-00306 
035 |a SNK000285080 
040 |a SNK  |b slo  |c SNK  |e AACR2 
041 0 |a slo 
044 |a xo  |c SK 
080 |a 811.162.4  |2 2001 
080 |a (075.2)  |2 2001 
100 1 |a Šnittová, Karla  |4 aut  |9 307377 
245 1 0 |a Slovenský jazyk pre 4. ročník základnej deväťročnej školy  |c Karla Šnittová, Júlia Biščová, Teodor Macura 
250 |a 7. vyd. 
260 |a Bratislava  |b Slovenské pedagogické nakladateľstvo  |c 1973 
300 |a 178 s.  |b mp., tab.  |c 24 cm 
366 |e 40000 výtl. 
500 |a Pravopisný slovník 
650 0 7 |a slovenčina  |2 SNKPH  |9 1350 
655 7 |a učebnice základných škôl  |2 SNKPH  |9 70187 
700 1 |a Biščová, Júlia  |4 aut  |9 385345 
700 1 |a Macura, Teodor  |4 aut  |9 385346 
700 1 |a Machaj, Vladimír,  |d 1929-2016  |4 ill  |9 117940 
852 |a Slovenská národná knižnica 
958 |a OND 
999 |c 632452  |d 634382 
952 |a SNK  |b SNK  |y PREZ  |7 0  |p 17A0928942  |o snkSC 30738  |i snkKSP 1752/73  |0 0  |1 0  |4 0  |d 1998-05-25  |l 0  |r 2025-09-26 00:00:00  |w 2026-02-23 
952 |t P60, <04>, [BOOK], {604}  |a SNK  |b SNK  |y VYP  |7 0  |o snkSC 30738 D1  |i snkKSP 1753/73  |0 0  |1 0  |4 0  |d 1998-05-25  |l 0  |r 2005-01-02 00:00:00  |w 2026-02-23